Statistiques concernant Culture Générale - Série 752

Cliquez ici pour prendre le quiz!

Statistiques générales

  • Ce quiz a été pris 191 fois
  • Le résultat moyen est 5 sur 10

Statistiques - réponses

QuestionRéponse% Correct
Quelle ville située sur les collines de Judée est appelée "la Ville sainte" ?Jérusalem
90%
On dit d'une chose qui n'arrivera jamais qu'elle aura lieu à la saint-...glinglin
89%
Quel est le numéro de l'arrondissement de Paris où se trouve la tour Eiffel ?7
86%
Quel mot désigne la plaque métallique, souvent circulaire, qui recouvre et embellit les moyeux des roues de voitures ?enjoliveur
71%
Sur quelle île de l'Océan Indien, peut-on admirer la cascade de Chamarel ?Ile Maurice
51%
Complétez le titre du film réalisé en 1969 par Jean-Pierre Melville, "L'armée des ...ombres
51%
Quelle était la profession de Paul Poiret, celui qui a libéré la femme du corset ?couturier
40%
À quel département français l'adjectif "axonais" se rapporte-t-il ?Aisne
31%
Complétez le titre du roman de Théophile Gautier "Le roman de la ...momie
18%
A quel physicien italien attribue-t-on l'invention du baromètre à mercure en 1643 ?Evangelista Torricelli
16%

Distribution des résultats

Percentile par nombre de réponses

% des personnes avec chaque résultat

Votre développement - résultats

Vous n’avez pas pris ce quiz